Cash and derivatives makets in foreign Exchange (Record no. 35079)

MARC details
000 -LEADER
fixed length control field 00741nam a22002177a 4500
005 - DATE AND TIME OF LATEST TRANSACTION
control field 20100405142453.0
008 - FIXED-LENGTH DATA ELEMENTS--GENERAL INFORMATION
fixed length control field 100405t xxu||||| |||| 00| 0 eng d
010 ## - LCCN (DPL NO)
LC control number ENG-95962
020 ## - INTERNATIONAL STANDARD BOOK NUMBER
International Standard Book Number 9780070148888
Terms of availability 550.00
035 ## - SYSTEM CONTROL NUMBER
System control number EN-79495
037 ## - SOURCE OF ACQUISITION
Source of stock number/acquisition DBAD/PUB
040 ## - CATALOGING SOURCE
Original cataloging agency DPL
100 ## - MAIN ENTRY--PERSONAL NAME
Personal name Rajwade, A.V.
245 ## - TITLE STATEMENT
Title Cash and derivatives makets in foreign Exchange
Statement of responsibility, etc by A.V. Rajwade
260 ## - PUBLICATION, DISTRIBUTION, ETC. (IMPRINT)
Place of publication, distribution, etc New Delhi
Name of publisher, distributor, etc Tata Mcgraw Hill Education Private Limited
Date of publication, distribution, etc 2010
270 ## - ADDRESS
Address 7, West Patel Nagar
City New Delhi
Postal code 110008
300 ## - PHYSICAL DESCRIPTION
Extent xxvi, 178p.;
Dimensions 23 cm. (Hb)
500 ## - GENERAL NOTE
General note include index
942 ## - ADDED ENTRY ELEMENTS (KOHA)
Source of classification or shelving scheme Dewey Decimal Classification
Item type English Books
Call number suffix RAJ
Holdings
Withdrawn status Lost status Source of classification or shelving scheme Materials specified (bound volume or other part) Damaged status Not for loan Collection code Home library Current library Date acquired Source of acquisition Cost, normal purchase price Total Checkouts Full call number Barcode Date last seen Copy number Cost, replacement price Koha item type
    Dewey Decimal Classification Hb   Not For Loan Non-fiction D.B.Act.Division D.B.Act.Division 26/02/2010 DBAD/PUB 550.00   RAJ EN-79495 05/04/2010 1 550.00 English Books

© Delhi Public Library
Hit Counter
free hit counter